Lynch files: (Record no. 171176)
[ view plain ]
| 000 -LEADER | |
|---|---|
| fixed length control field | 00742nam a22002297a 4500 |
| 005 - DATE AND TIME OF LATEST TRANSACTION | |
| control field | 20200108111156.0 |
| 010 ## - LCCN (DPL NO) | |
| LC control number | ENG-127294 |
| 020 ## - INTERNATIONAL STANDARD BOOK NUMBER | |
| Terms of availability | 450.00 |
| International Standard Book Number | 9789353282196 |
| 035 ## - SYSTEM CONTROL NUMBER | |
| System control number | EN-110826 |
| 037 ## - SOURCE OF ACQUISITION | |
| Source of stock number/acquisition | DBAD/PUB. |
| 082 ## - DEWEY DECIMAL CLASSIFICATION NUMBER | |
| Classification number | 364.134 |
| 100 ## - MAIN ENTRY--PERSONAL NAME | |
| Personal name | Ziya us salam |
| 245 ## - TITLE STATEMENT | |
| Title | Lynch files: |
| Statement of responsibility, etc | by Ziya us salam. |
| Remainder of title | The Forgotten Saga of Victims of Hate Crime / |
| 260 ## - PUBLICATION, DISTRIBUTION, ETC. (IMPRINT) | |
| Place of publication, distribution, etc | New Delhi |
| Name of publisher, distributor, etc | Sage Publications India . |
| Date of publication, distribution, etc | 2019 |
| 270 ## - ADDRESS | |
| Address | B1/I-1, Mohan Cooperative Industrial Area Mathura Road Post Bag 7 |
| City | New Delhi |
| Postal code | 110044 |
| 300 ## - PHYSICAL DESCRIPTION | |
| Extent | xxiii,193p. |
| Dimensions | 22cm.(pbk) |
| 500 ## - GENERAL NOTE | |
| General note | It includes index |
| 700 ## - ADDED ENTRY--PERSONAL NAME | |
| Personal name | Aneesh Kumar P. |
| 700 ## - ADDED ENTRY--PERSONAL NAME | |
| Personal name | George, Tony Sam |
| 700 ## - ADDED ENTRY--PERSONAL NAME | |
| Personal name | Sudhesh N.T. |
| 942 ## - ADDED ENTRY ELEMENTS (KOHA) | |
| Source of classification or shelving scheme | Dewey Decimal Classification |
| Item type | English Books |
| Call number suffix | ZIY |
| Classification part | 364.134 |
| Withdrawn status | Lost status | Not for loan | Collection code | Home library | Current library | Date acquired | Source of acquisition | Cost, normal purchase price | Full call number | Barcode | Copy number | Cost, replacement price | Koha item type |
|---|---|---|---|---|---|---|---|---|---|---|---|---|---|
| Non-fiction | Sarojini Nagar | Sarojini Nagar | 08/01/2020 | DBAD/PUB | 450.00 | 364.134 ZIY | EN-110826 | 1 | 450.00 | English Books |
